Achhi Hindi (Record no. 12992)
[ view plain ]
| 000 -LEADER | |
|---|---|
| fixed length control field | 00324nam a22001457a 4500 |
| 003 - CONTROL NUMBER IDENTIFIER | |
| control field | SGT |
| 020 ## - INTERNATIONAL STANDARD BOOK NUMBER | |
| International Standard Book Number | 9788180310546 |
| 082 ## - DEWEY DECIMAL CLASSIFICATION NUMBER | |
| Classification number | 4H0 |
| Item number | A12V |
| 100 ## - MAIN ENTRY--PERSONAL NAME | |
| Personal name | Ramchandra Verma |
| 245 ## - TITLE STATEMENT | |
| Title | Achhi Hindi |
| 250 ## - EDITION STATEMENT | |
| Edition statement | 25TH |
| 260 ## - PUBLICATION, DISTRIBUTION, ETC. (IMPRINT) | |
| Place of publication, distribution, etc | NEW DELHI |
| Name of publisher, distributor, etc | LOKBHARTI PRAKASHAN |
| Year of Publication | 2012 |
| 650 ## - SUBJECT ADDED ENTRY--TOPICAL TERM | |
| Topical term or geographic name as entry element | MASS COMMUNICATION |
| 942 ## - ADDED ENTRY ELEMENTS (KOHA) | |
| Source of classification or shelving scheme | Dewey Decimal Classification |
| Koha item type | Books |
| 942 ## - ADDED ENTRY ELEMENTS (KOHA) | |
| -- | 5 |
| Withdrawn status | Lost status | Source of classification or shelving scheme | Damaged status | Not for loan | Collection code | Home library | Current library | Shelving location | Date acquired | Vendor Name | Cost, normal purchase price | SGTU | Bill Number | Total Checkouts | Full call number | Accession No. (Barcode) | Date last seen | Date last borrowed | Bill Date | Koha item type |
|---|---|---|---|---|---|---|---|---|---|---|---|---|---|---|---|---|---|---|---|---|
| Dewey Decimal Classification | MASS COMMUNICATION | SGT Science & Social Sciences Library | SGT Science & Social Sciences Library | Text Book | 12/08/2017 | VANI PRAKASHAN | 300.00 | SGTU | GV233 | 3 | 4H0 A12V | MC256 | 06/02/2023 | 21/01/2023 | 10/12/2016 | Books | ||||
| Dewey Decimal Classification | MASS COMMUNICATION | SGT Science & Social Sciences Library | SGT Science & Social Sciences Library | Text Book | 12/08/2017 | VANI PRAKASHAN | 300.00 | SGTU | GV233 | 4H0 A12V | MC257 | 12/08/2017 | 10/12/2016 | Books | ||||||
| Dewey Decimal Classification | MASS COMMUNICATION | SGT Science & Social Sciences Library | SGT Science & Social Sciences Library | Text Book | 12/08/2017 | VANI PRAKASHAN | 300.00 | SGTU | GV233 | 4H0 A12V | MC258 | 12/08/2017 | 10/12/2016 | Books | ||||||
| Dewey Decimal Classification | MASS COMMUNICATION | SGT Science & Social Sciences Library | SGT Science & Social Sciences Library | Text Book | 12/08/2017 | VANI PRAKASHAN | 300.00 | SGTU | GV233 | 4 | 4H0 A12V | MC259 | 05/07/2022 | 04/06/2022 | 10/12/2016 | Books | ||||
| Dewey Decimal Classification | MASS COMMUNICATION | SGT Science & Social Sciences Library | SGT Science & Social Sciences Library | Text Book | 12/08/2017 | VANI PRAKASHAN | 300.00 | SGTU | GV233 | 3 | 4H0 A12V | MC260 | 05/07/2022 | 03/06/2022 | 10/12/2016 | Books |